书目信息 |
| 题名: |
日本语能力测试分类试题全解
|
|
| 作者: | 林泽清 , 吕寅秋 编著 | |
| 分册: | 文字·词汇 | |
| 出版信息: | 上海 上海交通大学出版社 2006 |
|
| 页数: | 106页 | |
| 开本: | 26cm | |
| 丛书名: | ||
| 单 册: | ||
| 中图分类: | H363.1 | |
| 科图分类: | ||
| 主题词: | 日语--词汇--解题--水平考试 , 日语 , 词汇 , 日语--解题--水平考试 | |
| 电子资源: | ||
| ISBN: | 7-313-04297-3 | |
| 000 | 00888nam0 2200265 450 | |
| 001 | 010050033065 | |
| 005 | 20061124082635.81 | |
| 010 | @a7-313-04297-3@dCNY15.00 | |
| 100 | @a20051221d2006 em y0chiy0110 ea | |
| 101 | 0 | @achi@ajpn |
| 102 | @aCN@b310000 | |
| 105 | @ay z 000yy | |
| 200 | 1 | @a日本语能力测试分类试题全解@9ri ben yu neng li ce shi fen lei shi ti quan jie@i文字·词汇@f林泽清,吕寅秋编著 |
| 210 | @a上海@c上海交通大学出版社@d2006 | |
| 215 | @a106页@d26cm | |
| 330 | @a本书是在详尽研究了近几年考试内容的基础上,严格按照考试的结构体系和规格编写的,其中1~4级文字·词汇试题各三套。 | |
| 606 | 0 | @a日语@x词汇@x解题@x水平考试 |
| 606 | 0 | @a日语 |
| 606 | 0 | @a词汇 |
| 606 | 0 | @a日语@x解题@x水平考试 |
| 690 | @aH363.1@v4 | |
| 701 | 0 | @a林泽清@9lin ze qing@4编著 |
| 701 | 0 | @a吕寅秋@9lu^ yin qiu@4编著 |
| 801 | 0 | @aCN@bRENTIAN@c20061124 |
| 905 | @a10447@dH363.1@e386 | |
| 日本语能力测试分类试题全解.文字·词汇/林泽清,吕寅秋编著.-上海:上海交通大学出版社,2006 |
| 106页;26cm |
| ISBN 7-313-04297-3:CNY15.00 |
| 本书是在详尽研究了近几年考试内容的基础上,严格按照考试的结构体系和规格编写的,其中1~4级文字·词汇试题各三套。 |
| ● |
| 相关链接 |
|
|
|
|
正题名:日本语能力测试分类试题全解
索取号:H363.1/386
 
预约/预借
| 序号 | 登录号 | 条形码 | 馆藏地/架位号 | 状态 | 备注 |
| 1 | 0390251 | 203902517 | 第二样本阅览室/ [索取号:H363.1/386] | 在馆 | |
| 2 | 0390252 | 203902526 | 第四借阅区/ [索取号:H363.1/386] | 在馆 | |
| 3 | 0390253 | 203902535 | 第四借阅区/ [索取号:H363.1/386] | 在馆 | |
| 4 | 0390254 | 203902544 | 第四借阅区/ [索取号:H363.1/386] | 在馆 | |
| 5 | 0390255 | 203902553 | 第四借阅区/ [索取号:H363.1/386] | 在馆 |